01186nam a2200241 i 450000100060000000300090000600500170001500700030003200800410003508000300007611000530010624500810015926000980024030000320033850000540037059901400042465100850056485200210064985200200067099900170069095201180070795201190082576342ES-MaACL20230906172817.0t|040930s1908 sp ||||1| spa d a94(460)"1808/14":75.041.50 aJunta de Iconografía Nacional (España)9539410aGuerra de la Independencia b: retratos / cJunta de Iconografía Nacional. aMadrid : b[s.n.], c1908 (eMadrid : fImp. de la Revista de Archivos, Bibliotecas y Museos) a47 h., 44 lám. ; c40 cm. aPrecede al tit.: Junta de Iconografía Nacional. aLas h. de láminas son reproducciones fotomecánicas de los principales personajes que participaron en la Guerra de la Independencia. 4aEspaña-xHistoria-y1808-1814, Guerra de la Independencia-vRetratos.9156027 aES-MaACLjB-6477 aES-MaACLjB-251 c76342d76342 00104070aATENEOMbATENEOMcSPBd2008-01-17eSCl0oB-251p1079895r2023-02-23 00:00:00w2023-02-23yMONOGRAFIA 00104070aATENEOMbATENEOMcSPBd2008-01-17eSCl0oB-6477p1079894r2023-02-23 00:00:00w2023-02-23yMONOGRAFIA